000 00486nam a2200145Ia 4500
008 100415s9999 xx 000 0 und d
082 _b1724
_a595.799
100 _aCockerell TDA
245 _aAfrican Bees of the Genera Ceratina, Halicutus and Megachile
260 _aLONDON
_c1937
_bBRITISH MUSEUM
365 _b0
630 _aAfrican Bees of the Genera Ceratina, Halicutus and Megachile
730 _aAfrican Bees of the Genera Ceratina, Halicutus and Megachile
942 _cBOOK
999 _c584773
_d584770